Name a Valid VCT Champs 2024 Player - Statistics

General Stats
  • This quiz has been taken 599 times
  • The average score is 11 of 18
Answer Stats
Name a VCT Champions 2024 Player who... # Answer % Correct
already won an international title in 2024 10 johnqt | Karon | Lakia | Meteor | Munchkin | Sacy | t3xture | TenZ | zekken | Zellsis
99%
has a Number in their Name 7 C0M | d4v41 | Flex1n | f0rsanken | Foxy9 | LuoK1ng | S1mon | t3xture | Wo0t
96%
has a chance of becoming Champions for the 2nd time 4 aspas | C0M | cNed | Sacy
88%
has a V in their name 3 d4v41 | Governor | valyn
78%
ist part of the Chinese 3rd seed team 5 Biank | LuoK1ng | heybay | FenF | Kai
75%
is Chilean 6 keznit | kiNgg | Mazino | Melser | mta | Shyy
75%
was Top #1 in TMV's pre-Champs Rankings 1 aspas
70%
was in the Honorables Mentions in TMV's pre-Champs Rankings 9 d4v41 | JonahP | Mazino | RieNs | Sayf | TenZ | Trexx | valyn | ZmjjKK
65%
joined their current team after the 2024 season started 10 BeYN | Biank | Flashback | Flex1n | hiro | icy | LuoK1ng | nephh | primmie | Surf
64%
has a name starting with Y 2 yetujey | Yosemite
62%
has <0.8 K/D (since 2024) 6 Boaster | C0M | ceNder | Crws | mta
60%
is from the Baltics 4 Boo | ceNder | Kicks | MiniBoo
55%
is the only player on the team with a different flag 4 heat | heybay | JonahP | nephh | S1mon
51%
has previously played for Team Liquid 1 Sayf
51%
has >0.15 FDPR (since 2024) 8 BuZz | Derke | Governor | keznit | Life | MiniBoo | zekken | ZmjjKK
42%
has >250 average ACS (since 2024) and is NOT from the Americas 2 primmie | ZmjjKK
41%
has a 100% Game WR 1 hiro
35%
has gotten >35 kills in one map in 2024 (except aspas) 2 FengF | Wo0t
32%
No matching quizzes found
Score Distribution
Percent of People with Each Score
Percentile by Number Answered
Your Score History
You have not taken this quiz